000 00379nam a22001697a 4500
005 20160618151303.0
008 160618b xxu||||| |||| 00| 0 eng d
020 _a978-0-07-059993-2
041 _aeng
082 _b8188
100 _aLeanne, Dr. Shel
_91849
245 _aHow to Inter view like
260 _bTMH
300 _a226
650 _aManagement
_9241
942 _cBK
999 _c3142
_d3141